LDR 01020naa#a2200205#i#450# 001 RU\\bibl\121769 005 20260430074435.4 011 ## _a2072-9502 100 ## _a20260427b2026####ek#y0rusy0150####ca 102 ## _aRU 200 1# _aО генерации 12-канальных электрокардиограмм на основе гибрида диффузионной и графовой нейросетевых моделей _eЖурнальная статья 210 1# _aАстрахань _cАстраханский государственный технический университет _d2026 215 ## _a7 с. 608 ## _aЖурнальная статья _2local 675 ## _aИскусственный интеллект. 004.8 _z 700 #1 _aЩетинин _gЕвгений Юрьевич 700 #1 _aПестрякова _gАнна Вячеславовна 700 #1 _aШаталова _gЮлия Георгиевна 700 #1 _aШевчук _gАндрей Андреевич 856 4# _avestnik.astu.org _u